000
00331nam a2200145Ia 4500
003
OSt
008
191201s2004 xx 000 0 und d
082
_a
515.8
_b
KUR
100
_a
KUMAR, R
245
0
_a
Real Analysis for B.A/B.Sc
260
_a
New Delhi
_b
Vardman Pub
_c
2004
300
_a
376+59
650
_a
Applied
942
_2
ddc
_c
BK
999
_c
362
_d
362